000 00310nam a22001337a 4500
008 171016b xxu||||| |||| 00| 0 eng d
020 _a0262691124
041 _aeng
080 _a33
100 _a52
101 _aEKO
245 _aA GAME-THEORETIC APPROACH TO POLITICAL ECONOMY
_cSHUBIK,M
942 _2udc
_cBK
999 _c34044
_d34044